Statistics for Soccer A-Z

Click here to take the quiz!

General Stats

  • This quiz has been taken 65 times
  • The average score is 18 of 26

Answer Stats

HintAnswer% Correct
Hosts for the 2022 World CupQQatar
95%
Shock 2015-16 Premier League winnersLLeicester City
92%
French World Cup winner and headbutterZZinedine Zidane
92%
Manager of Arsenal for over two decadesWArsène Wenger
90%
Champions of the first World CupUUruguay
90%
Most expensive transfer (so far)NNeymar
88%
2005 Champions League Final was
"The Miracle of" this city
IIstanbul
81%
Most successful Argentine club;
rival of River Plate
BBoca Juniors
80%
City of Dutch club PSVEEindhoven
80%
The Old LadyJJuventus
76%
Commanding keeper of 2000s BayernKOliver Kahn
75%
Best Player of the 2018 World CupMLuka Modrić
73%
Prolific 50's Hungarian striker of
Real Madrid
PFerenc Puskás
71%
O FenômenoRRonaldo
71%
Noisy instrument of South AfricaVVuvuzela
71%
Brazilian-importing Ukrainian clubSShakhtar Donetsk
69%
Basque-only club of SpainAAthletic Bilbao
68%
Soviet goalkeeper called "Black Spider"YLev Yashin
63%
Name of the Celtic vs Rangers derbyOOld Firm
59%
First name of Stoke's former Swiss wingerXXherdan
56%
Real Madrid's expensive signings
of the early 2000s
GGalácticos
54%
What Italians call footballCCalcio
53%
Scored a hat-trick in the 1966 WC finalHGeoff Hurst
51%
1970s Dutch tactic where any outfield
player can play any position on the pitch
TTotal Football
47%
Represented Argentina, Colombia & SpainDAlfredo Di Stéfano
39%
Messi's role of dropping into the midfieldFFalse 9
37%

Score Distribution

Percentile by Number Answered

Percent of People with Each Score

Your Score History

You have not taken this quiz